Las viviendas vacacionales Entre la economa̕ colaborativa y la actividad mercantil /

Bibliographic Details
Main Author: Gonzl̀ez Cabrera, Inmaculada
Other Authors: Rodrg̕uez Gonzl̀ez, Mara̕ Del Pino
Format: eBook
Language:Spanish
Published: Madrid: Dykinson, 2019
Subjects:
Online Access:Acceso restringido

MARC

LEADER 00000nam a22000007a 4500
005 20190829134234.0
007 cr|||| ||||
008 190829s2019 es |||||s|||| 00||0 spa d
020 |a 978-84-1324-203-3 
035 |a 24168 
040 |a vLex 
090 |c 9331  |d 9331 
100 1 |a Gonzl̀ez Cabrera, Inmaculada 
245 1 3 |a Las viviendas vacacionales  |h [Recurso electrn̤ico] :  |b Entre la economa̕ colaborativa y la actividad mercantil /  |c Inmaculada Gonzl̀ez Cabrera, Mara̕ Del Pino Rodrg̕uez Gonzl̀ez 
256 |a Servicio en ln̕ea 
260 |a Madrid:  |b Dykinson,  |c 2019 
300 |a 1 recurso electrn̤ico 
500 |a Los incesantes y veloces avances sociales y tecnolg̤icos a los que nos enfrentamos actualmente estǹ suponiendo un cambio en los patrones de consumo de nuestra sociedad. En el m̀bito del arrendamiento de viviendas con fines turs̕ticos, tales avances tecnolg̤icos han propiciado su expansin̤ gracias al desarrollo de plataformas digitales que difunden, facilitan y simplifican el proceso de contratacin̤. A ello deben sumarse las transformaciones sociales fruto del auge de la economa̕ colaborativa y que influyen significativamente en un segmento importante de turistas que prefieren las viviendas vacacionales al alojamiento tradicional (hotelero o extrahotelero). El proceso expansivo de esta modalidad alojativa, ha supuesto su inclusin̤ en las agendas legislativas. Esta circunstancia plantea, de entrada, el interrogante de si el arrendamiento con fines turs̕tico debe ser considerado una modalidad de la economa̕ colaborativa o si, por el contrario, estamos ante una actividad econm̤ica ms̀. Por otra parte, la perspectiva regulatoria plantea adems̀ una serie de problemas en torno a la cuestin̤ competencial, pues se produce una disociacin̤ entre aquellas materias susceptibles de regulacin̤ por el legislador nacional y aquellas otras que deben ser acometidas por el legislador autonm̤ico. Precisamente, y desde el aǫ 2013, el panorama normativo autonm̤ico presenta un mosaico de regulaciones de variado carc̀ter, si bien en ln̕eas generales todas convergen en restringir la actividad de arrendamiento de viviendas de uso turs̕tico. Una tendencia que ha terminado calando en la reciente modificacin̤ de las Leyes de Arrendamiento Urbano y de Propiedad Horizontal operada por el Real Decreto-ley 21/2018, de 14 de diciembre, de medidas urgentes en materia de vivienda y alquiler. A todo ello se suman las ordenanzas municipales, cada vez ms̀ restrictivas con la explotacin̤ de esta modalidad turs̕tica. Este cm︢ulo de circunstancias ha propiciado el nacimiento de esta obra en la que ofrecemos una visin̤ interdisciplinar y transversal del fenm̤eno de las viviendas vacacionales o con fines turs̕ticos, y en la que trataremos de dar respuesta a las numerosas incg̤nitas que plantea. 
506 1 |a Disponible solo en los productos indicados  |d vLex Global  |d vLex Global (Academic Edition, excluding Law Schools)  |d vLex Global (U.S. Academic Edition, Law Schools)  |d vLex Global (U.S. Academic Edition, excluding Law Schools)  |d vLex Global (Academic Edition, Law Schools) 
650 0 4 |a Obligaciones y Contratos  |z Espaą 
650 0 4 |a Derecho Mercantil y de la Empresa  |z Espaą 
700 1 |a Rodrg̕uez Gonzl̀ez, Mara̕ Del Pino 
740 0 |a vLex Libros (Servicio en ln̕ea) 
856 4 0 |u http://vlex.com/source/viviendas-vacacionales-entre-la-economia-colaborativa-y-la-actividad-mercantil-24168  |z Acceso restringido 
942 |c BOOK 
999 0 |a Obligations and Contracts 
999 0 |a Commercial and Business Law